000 01891nam0a2200421 4500
001 RU\NLR\bibl\85828
005 20260406041958.0
010 _a5-87503-026-X
_bВ пер.
_dБ. ц.
_9110000
020 _aRU
_b98-27835
_9Книжная летопись
021 _aRU
_b98-18568
_9882
035 _a(NLR Aleph) 000083832
090 _a467828
_c467828
100 _a20000410d1998 |||y0rusy50 ca
101 0 _arus
102 _aRU
105 _aa |||||||||
200 1 _aКак решать задачи по физике
_eШк. курс физики в задачах и решениях
_fБорис Гринченко
205 _a2-е изд., доп. и испр.
210 _aСПб.
_cНПО "Мир и семья-95"
_d1998
215 _a783 с.
_cил.
_d23
225 1 _aСерия учебной литературы "Магистр"
300 _aПеред вып. дан. авт.: Гринченко Борис Исакович
300 _aНа пер. загл. сер.: Магистр
461 0 _12001#$aСерия учебной литературы "Магистр"
_tСерия учебной литературы "Магистр"
606 0 _aФизика
_xЗадачи
_xРешение
_91884306
_3RU\NLR\auth\661146906
606 0 _aФизика
_jУчебные издания для средней школы
_xЗадачи
_xРешение
_91884306
_3RU\NLR\auth\661146906
610 0 _aФизика - Задачи - Решение
675 _a373.167.1:53+53(075.3)
_v3
_zrus
686 _a14.25
_2rugasnti
686 _a22.3я721
_2rubbk
686 _aВ3я721-41
700 1 _4070
_8rus
_7ca
_aГринченко
_bБ. И.
_gБорис Исаакович
_3RU\NLR\auth\772306
_9112321
801 0 _aRU
_bRKP
_c20000410
_gPSBO
801 1 _aRU
_bRKP
_c20000410
801 2 _aRU
_bNLR
_c20060515
_grcr
852 _aNLR
_j98-5/1878
942 _cBOOK
980 _aNB